书目信息 |
| 题名: |
经济学是如何忘记历史的
|
|
| 作者: | 霍奇逊 著 ;高伟 , 马霄鹏 , 于宛艳 译 | |
| 分册: | ||
| 出版信息: | 北京 中国人民大学出版社 2008.01 |
|
| 页数: | 504页 | |
| 开本: | 24cm | |
| 丛书名: | 当代世界学术名著 | |
| 单 册: | ||
| 中图分类: | F119 | |
| 科图分类: | ||
| 主题词: | 经济史--jing ji shi--研究--世界 | |
| 电子资源: | ||
| ISBN: | 978-7-300-08694-1 | |
| 000 | 01563nam 2200325 450 | |
| 001 | 012008858433 | |
| 005 | 20080611153814.65 | |
| 010 | @a978-7-300-08694-1@dCNY45.00 | |
| 100 | @a20080610d2008 em y0chiy0120 ea | |
| 101 | 1 | @achi@ceng |
| 102 | @aCN@b110000 | |
| 105 | @ay a 001yy | |
| 106 | @ar | |
| 200 | 1 | @a经济学是如何忘记历史的@Ajing ji xue shi ru he wang ji li shi de@e社会科学中的历史特性问题@f杰弗里·M. 霍奇逊著@Fjie fu li·M.huo qi xun zhu@d= How economics forgot history@ethe problem of historical specificity in social science@fGeoffrey M. Hodgson@g高伟, 马霄鹏, 于宛艳译@Ggao wei,ma xiao peng,yu wan yan yi@zeng |
| 210 | @a北京@c中国人民大学出版社@d2008.01 | |
| 215 | @a504页@d24cm | |
| 225 | 2 | @a当代世界学术名著@Adang dai shi jie xue shu ming zhu@i经济学系列 |
| 320 | @a有书目 (第403-466页) 和索引 | |
| 330 | @a本书围绕经济学中的历史特性问题展开论述,讨论了德国历史学派是如何描述历史特性问题的,描述了历史特性的本质和作用,同时也指出其他经济学派对历史特性问题的态度等。 | |
| 410 | 0 | @12001 @a当代世界学术名著@i经济学系列 |
| 500 | 10 | @aHow economics forgot history : the problem of historical specificity in social science@mChinese |
| 517 | 1 | @a社会科学中的历史特性问题@Ashe hui ke xue zhong de li shi te xing wen ti |
| 606 | 0 | @a经济史@Ajing ji shi@x研究@y世界 |
| 690 | @aF119@v4 | |
| 701 | 1 | @a霍奇逊@Ahuo qi xun@g(Hodgson, Geoffrey M.)@4著 |
| 702 | 0 | @a高伟@Agao wei@4译 |
| 702 | 0 | @a马霄鹏@Ama xiao peng@4译 |
| 702 | 0 | @a于宛艳@Ayu wan yan@4译 |
| 801 | 0 | @aCN@bQSSK@c20080611 |
| 905 | @b725601-03@dF119@eH972@f3 | |
| 经济学是如何忘记历史的:社会科学中的历史特性问题/杰弗里·M. 霍奇逊著= How economics forgot history:the problem of historical specificity in social science/Geoffrey M. Hodgson/高伟, 马霄鹏, 于宛艳译.-北京:中国人民大学出版社,2008.01 |
| 504页;24cm.-(当代世界学术名著.经济学系列) |
| ISBN 978-7-300-08694-1:CNY45.00 |
| 本书围绕经济学中的历史特性问题展开论述,讨论了德国历史学派是如何描述历史特性问题的,描述了历史特性的本质和作用,同时也指出其他经济学派对历史特性问题的态度等。 |
| ● |
| 相关链接 |
|
|
|
正题名:经济学是如何忘记历史的
索取号:F119/H972
 
预约/预借
| 序号 | 登录号 | 条形码 | 馆藏地/架位号 | 状态 | 备注 |
| 1 | 725601 | 207256011 | 社科二线422/409社科库 67排2列1层/ [索取号:F119/H972] | 在馆 | |
| 2 | 725602 | 207256020 | 社科库409/409社科库 67排2列1层/ [索取号:F119/H972] | 在馆 | |
| 3 | 725603 | 207256039 | 社科库409/409社科库 67排2列1层/ [索取号:F119/H972] | 在馆 |